[Event "AUTO-MASTER-1673"]
[Site "http://www.queenalice.com/game.php?id=1141705"]
[Date "2013.1.17"]
[Round "2"]
[White "phystutordotcom"]
[Black "funkymosquito"]
[Result "1-0"]
[WhiteElo "2158"]
[BlackElo "2098"]

1. Nf3 c5 2. g3 Nc6 3. Bg2 d6 4. d4 cxd4 5. Nxd4 Nf6 6. Nxc6 Qb6 7. Qd4 Qxd4 8.
Nxd4 g6 9. Nb5 Rb8 10. Nxa7 Bd7 11. Nc3 Bg7 12. Nab5 O-O 13. O-O Ng4 14. h3 Ne5
15. a4 1-0

[Event "AUTO-MASTER-1673"]
[Site "http://www.queenalice.com/game.php?id=1141706"]
[Date "2013.1.17"]
[Round "2"]
[White "funkymosquito"]
[Black "phystutordotcom"]
[Result "1/2-1/2"]
[WhiteElo "2070"]
[BlackElo "2196"]

1. c4 d6 2. Nc3 e5 3. Nf3 Nd7 4. g3 Be7 5. Bg2 c6 6. d3 h6 7. O-O Ngf6 8. Bd2
Qc7 9. e4 Nb6 10. b3 Bg4 11. Qc2 h5 12. h4 Nfd7 13. a4 a5 1/2-1/2

[Event "AUTO-OPEN-2977"]
[Site "http://www.queenalice.com/game.php?id=1175754"]
[Date "2013.4.27"]
[Round "1"]
[White "moe78"]
[Black "funkymosquito"]
[Result "1-0"]
[WhiteElo "2231"]
[BlackElo "1976"]

1. e4 c5 2. Nf3 d6 3. d4 cxd4 4. Nxd4 Nf6 5. Nc3 g6 6. Be3 Bg7 7. f3 O-O 8. Qd2
Nbd7 9. Bc4 a6 10. Bh6 b5 11. Nc6 Qc7 12. Nxe7+ Kh8 13. Bxg7+ Kxg7 14. Bb3 1-0

[Event "AUTO-OPEN-2977"]
[Site "http://www.queenalice.com/game.php?id=1175755"]
[Date "2013.4.27"]
[Round "1"]
[White "funkymosquito"]
[Black "moe78"]
[Result "0-1"]
[WhiteElo "1982"]
[BlackElo "2226"]

1. c4 e5 2. d3 Nf6 3. Nc3 Nc6 4. Nf3 d5 5. cxd5 Nxd5 6. g3 Nb6 7. Bg2 Be7 8. O-O
O-O 9. a3 Be6 10. Nxe5 Nxe5 11. Bxb7 Rb8 0-1

[Event "AUTO-OPEN-2977"]
[Site "http://www.queenalice.com/game.php?id=1175776"]
[Date "2013.4.27"]
[Round "1"]
[White "funkymosquito"]
[Black "miltonlovisk"]
[Result "0-1"]
[WhiteElo "2019"]
[BlackElo "1972"]

1. c4 e5 2. d3 a6 3. Nc3 Bb4 4. g3 Bxc3+ 5. bxc3 Qf6 6. Nf3 h6 7. Bg2 c6 8. O-O
d6 9. e4 Bg4 10. Rb1 b5 11. cxb5 axb5 0-1

[Event "AUTO-OPEN-2977"]
[Site "http://www.queenalice.com/game.php?id=1175777"]
[Date "2013.4.27"]
[Round "1"]
[White "miltonlovisk"]
[Black "funkymosquito"]
[Result "1-0"]
[WhiteElo "1953"]
[BlackElo "2038"]

1. e4 c5 2. Nf3 d6 3. a3 Nc6 4. Bc4 Nf6 5. Nc3 g6 6. Ng5 Ne5 7. Ba2 Bg7 8. f4
Nc6 9. Nxf7 Bg4 10. Ne2 Qa5 11. Nxh8 1-0

[Event "AUTO-OPEN-2977"]
[Site "http://www.queenalice.com/game.php?id=1175778"]
[Date "2013.4.27"]
[Round "1"]
[White "funkymosquito"]
[Black "yclaudiu35"]
[Result "0-1"]
[WhiteElo "1994"]
[BlackElo "1956"]

1. c4 e5 2. d3 h6 3. Nc3 Nf6 4. Nf3 Nc6 5. g3 Bb4 6. Bg2 Bxc3+ 7. bxc3 d6 8. O-O
Be6 9. Rb1 Qc8 10. a4 O-O 11. Ba3 Rd8 12. d4 Bxc4 13. Nd2 Ba6 14. dxe5 dxe5 15.
Bxc6 bxc6 16. Be7 Rd7 17. Bxf6 gxf6 18. Qc2 Bxe2 19. Ne4 Bd3 20. Nxf6+ Kg7 21.
Nh5+ Kg6 22. Qd1 f5 23. Qf3 Bxf1 0-1

[Event "AUTO-MASTER-1861"]
[Site "http://www.queenalice.com/game.php?id=1175928"]
[Date "2013.4.27"]
[Round "1"]
[White "funkymosquito"]
[Black "yclaudiu35"]
[Result "0-1"]
[WhiteElo "1986"]
[BlackElo "1926"]

1. c4 e5 2. d3 a6 3. Nc3 Nf6 4. Nf3 Nc6 5. g3 Bb4 6. Bg2 d5 7. a3 Bxc3+ 8. bxc3
dxc4 9. dxc4 Qxd1+ 10. Kxd1 Be6 11. Nd2 Na5 12. Rb1 c6 13. Nb3 Nxc4 14. Nc5 O-O
15. Rxb7 Bd5 16. Bxd5 cxd5 17. Nd7 Rfd8 18. Nxf6+ gxf6 0-1

[Event "AUTO-MASTER-1861"]
[Site "http://www.queenalice.com/game.php?id=1175946"]
[Date "2013.4.27"]
[Round "1"]
[White "RenanReis"]
[Black "funkymosquito"]
[Result "1-0"]
[WhiteElo "2179"]
[BlackElo "1971"]

1. e4 c5 2. Ne2 d6 3. d4 cxd4 4. Nxd4 Nf6 5. Nc3 a6 6. Bg5 g6 7. Bxf6 exf6 8. f4
Nc6 9. Be2 f5 10. exf5 Nxd4 11. Qxd4 f6 12. Nd5 Bg7 13. fxg6 hxg6 14. Bd3 Bf5
15. Bxf5 gxf5 16. Qe3+ Kf7 17. O-O-O Re8 18. Qh3 Rh8 19. Qxf5 Qc8 20. Qe4 f5 21.
Qe7+ Kg6 22. Rd3 Rh4 23. Qxh4 Qc4 24. Rg3+ Kf7 25. Qe7+ 1-0

[Event "AUTO-MASTER-1861"]
[Site "http://www.queenalice.com/game.php?id=1175947"]
[Date "2013.4.27"]
[Round "1"]
[White "funkymosquito"]
[Black "aormic"]
[Result "0-1"]
[WhiteElo "1976"]
[BlackElo "2261"]

1. c4 e5 2. d3 Nf6 3. Nc3 Nc6 4. Nf3 d5 5. cxd5 Nxd5 6. Nxd5 Qxd5 7. g3 Be7 8.
Bg2 Be6 9. O-O Qd7 10. b3 O-O 11. Bb2 Bf6 12. Rc1 e4 13. dxe4 Bxb2 14. Qxd7 Bxd7
15. Rc2 Bf6 16. Rd1 Be6 17. a3 Bxb3 18. Rxc6 bxc6 19. Rd7 g6 20. e5 Bg7 21. Nd4
Bd5 22. Nxc6 Bxc6 23. Bxc6 Rad8 24. e6 fxe6 25. Re7 Bf6 26. Rxe6 Rd6 27. Rxd6
cxd6 28. Bd5+ Kg7 29. e4 Bd4 0-1

[Event "AUTO-MASTER-1861"]
[Site "http://www.queenalice.com/game.php?id=1175948"]
[Date "2013.4.27"]
[Round "1"]
[White "aormic"]
[Black "funkymosquito"]
[Result "1-0"]
[WhiteElo "2259"]
[BlackElo "1968"]

1. e4 c5 2. Nf3 d6 3. d4 cxd4 4. Nxd4 Nf6 5. Nc3 g6 6. Be3 Bg7 7. f3 O-O 8. Qd2
a6 9. O-O-O Nc6 10. g4 Nxd4 11. Bxd4 b5 12. h4 Bb7 13. h5 gxh5 14. gxh5 h6 15.
Rg1 Kh7 16. Bh3 e5 17. Bf5+ Kh8 18. Rxg7 Ng8 19. Rh7# 1-0

[Event "AUTO-OPEN-2838"]
[Site "http://www.queenalice.com/game.php?id=1198496"]
[Date "2013.7.10"]
[Round "2"]
[White "funkymosquito"]
[Black "rsgaspar"]
[Result "0-1"]
[WhiteElo "1933"]
[BlackElo "2448"]

1. c4 c6 2. Nc3 d5 3. d4 Nf6 4. e3 e6 5. Nf3 Be7 6. Bd3 O-O 7. O-O dxc4 8. Bxc4
c5 9. d5 exd5 10. Nxd5 Nc6 11. Nxe7+ Qxe7 12. b3 Rd8 13. Qc2 Nb4 14. Qc3 Ne4 15.
Qe5 Qxe5 16. Nxe5 Be6 17. Bxe6 fxe6 18. Bb2 Rd2 19. Nc4 Re2 20. a3 Nd3 21. Rab1
b5 0-1

[Event "AUTO-OPEN-2838"]
[Site "http://www.queenalice.com/game.php?id=1198497"]
[Date "2013.7.10"]
[Round "2"]
[White "rsgaspar"]
[Black "funkymosquito"]
[Result "1-0"]
[WhiteElo "2457"]
[BlackElo "1880"]

1. e4 c5 2. Nf3 d6 3. d4 cxd4 4. Nxd4 Nf6 5. Nc3 g6 6. Be2 Bg7 7. O-O O-O 8. Be3
a6 9. f3 Bd7 10. Qd2 b5 11. a4 b4 12. Nd5 Nxd5 13. exd5 a5 14. Bb5 Bxb5 15. axb5
Nd7 16. Nc6 Qc7 17. Nxe7+ Kh8 18. Nc6 a4 19. Qxb4 Nb6 20. c4 Rfe8 21. Rfe1 Bxb2
22. Qxb2+ Kg8 23. Qc3 a3 24. Bh6 Rxe1+ 25. Rxe1 f6 26. Qxf6 Qf7 27. Ne7+ 1-0

[Event "Challenge"]
[Site "http://www.queenalice.com/game.php?id=1208000"]
[Date "2013.8.14"]
[Round "-"]
[White "jeancarlo1910"]
[Black "funkymosquito"]
[Result "1-0"]
[WhiteElo "2070"]
[BlackElo "1931"]

1. Nf3 c5 2. e4 d6 3. Nc3 Nf6 4. Bb5+ Nbd7 5. d3 a6 6. Ba4 b5 7. Bb3 Nb6 8. a3
h6 9. Be3 g5 10. Qd2 Bg7 11. O-O Bg4 12. Ne1 O-O 13. h3 Bd7 14. f3 Qc7 15. Ne2
a5 16. c4 b4 17. axb4 axb4 18. Nc2 1-0

[Event "AUTO-OPEN-3084"]
[Site "http://www.queenalice.com/game.php?id=1218712"]
[Date "2013.9.21"]
[Round "1"]
[White "funkymosquito"]
[Black "marreta7"]
[Result "0-1"]
[WhiteElo "1878"]
[BlackElo "1557"]

1. c4 e5 2. Nc3 Bc5 3. Nf3 d6 4. g3 a6 5. Bg2 Nc6 6. O-O h6 7. d3 Nf6 8. a3 O-O
9. Na4 Ba7 10. b4 b5 11. cxb5 axb5 12. Nc3 Rb8 13. a4 bxa4 0-1

[Event "AUTO-OPEN-3084"]
[Site "http://www.queenalice.com/game.php?id=1218747"]
[Date "2013.9.21"]
[Round "1"]
[White "funkymosquito"]
[Black "twiddledeedum"]
[Result "0-1"]
[WhiteElo "1900"]
[BlackElo "1810"]

1. c4 e5 2. Nc3 Bb4 3. g3 Bxc3 4. bxc3 d5 5. cxd5 Qxd5 6. Nf3 e4 7. Nd4 Nf6 8.
Qa4+ Bd7 9. Qb3 Qxb3 10. axb3 c5 0-1

[Event "AUTO-OPEN-3084"]
[Site "http://www.queenalice.com/game.php?id=1218748"]
[Date "2013.9.21"]
[Round "1"]
[White "twiddledeedum"]
[Black "funkymosquito"]
[Result "1-0"]
[WhiteElo "1789"]
[BlackElo "1921"]

1. g3 c5 2. Nc3 g6 3. Bg2 Bg7 4. e3 Nf6 5. d4 O-O 6. dxc5 Nc6 7. Nf3 e6 8. O-O
Qa5 9. Bd2 Qxc5 10. Na4 Qd6 11. Nc3 1-0